Nasca : (Registro nro. 270)

Detalles MARC
000 -Cabecera
Campo de control interno 00759nam a2200241Ia 4500
005 - Fecha y hora del registro
control field 20251226111327.0
008 - Elementos de Longitud Fija
fixed length control field 251203t2009||||xx |||||||||||||| ||spa||
020 ## - ISBN
ISBN 9786124535925
041 ## - Idioma
Codigo Idioma Español-Inglés
082 ## - DEWEY y NOTACIÓN INTERNA
Dewey 985.01
Notación Interna G91
100 ## - AUTOR
Autor denominación Orefici, Giuseppe,
Títulos y otras palabras asociadas con el nombre AUT
245 #0 - TÍTULO DE MATERIAL BIBLIOGRÁFICO
Título Nasca :
Título paralelo el desierto de los dioses de Cahuachi
246 ## - TÍTULO TRADUCIDO
Título Nasca : the desert of the cahuachi divinities
250 ## - EDICIÓN
Edición Primera edición
260 ## - CIUDAD, EDITORIAL, AÑO
Ciudad Lima :
Nombre de la Editorial Graph Ediciones
Año 2009
300 ## - DESCRIPCIÓN
N° Páginas 307 páginas :
Otros detalles ilustraciones ;
Dimensiones 31 cm.
650 ## - TEMAS
Temas Geografía
653 ## - DESCRIPTORES
Lenguajes no controlado Cultura Nasca; Dioses de Cahuachi, historia
654 ## - PROGRAMAS
Programa Todos los programas
700 ## - OTROS AUTORES
Otros autores Sánchez Borjas, Angel; Gavazzi, Adine; Schreiber, Katharina [y otros nueve]
942 ## - ELEMENTOS DE KOHA
Tipo de documento Libro
Nombre del creador Justo Noguera
Código de catalogador Mirtha Ponce
Esquema de clasificación Dewey Decimal Classification
Existencias
Codigo completo Registro Colección Copia número Disponibilidad Tipo de préstamo Biblioteca Actual Procedencia (Biblioteca) Ubicacón Fecha Ingreso Tipo de Adquisición Date last seen Total checkouts Price effective from Tipo de Item Estado del Material Fuente de Clasificación Damaged status Withdrawn status
985.01 G91 1085149 Colección Vera Bejar 1   Restringido Víctor Andrés Belaunde Víctor Andrés Belaunde Planta baja cerrada 03/12/2025 Donación 03/12/2025   03/12/2025 Libro Bueno Dewey Decimal Classification   Withdrawn